000 00685nam a2200253Ia 4500
003 OSt
005 20220924122116.0
006 a|||||r|||| 00| 0
007 ta
008 220923b |||||||| |||| 00| 0 per d
024 _a317082
037 _cTextual
040 _aARTS
_cARTS
_bper
041 _2per
_aper
082 _aP164,35, 164G4
100 _aNazeeruddin Au.
_9188329
245 0 _aMusdir-e-fiyooz
260 _aLahore
_bHaji Malik Deen Mohammad and sons Pakistan
_c1934
300 _a96p.
_ccm.
650 _a PERSIAN LANGUAGE
650 _aLINGUISTICS
942 _hP164,35, 164G4
_cTEXL
_2CC
999 _c410291
_d410291